=LDR 00000nam 2200000 4500 =001 INLIS000000000006454 =005 20251110095409 =035 ##$$a 0010-1125000328 =007 ta =008 251110###########################0#ind## =082 ##$$a 351.63598 =084 ##$$a 351.63598 BAD p =245 1#$$a Pengawasan Dan Disiplin Pegawai Negeri Sipil Dalam Rangka Mendukung Terwujudnya Disiplin Nasional : $b - /$c Badan Administrasi Kepegawaian Negara =260 ##$:$b Badan Administrasi Kepegawaian Negara =300 ##$$a 54 hal : $b ilus ; $c 21 cm =650 #4$$a Keluarga Berencana =110 #$$a Badan Administrasi Kepegawaian Negara Badan Administrasi Kepegawaian Negara =856 ##$$a Perpustakaan Kemendukbangga